Idioma
English
Deutsch
Español
Français
Italiano
日本語
Nederlands
Português
Português (Brasil)
中文(简体)
中文(繁體)
Türkçe
עברית
Gaeilge
Cymraeg
Ελληνικά
Català
Euskara
Русский
Čeština
Suomi
Svenska
polski
Dansk
slovenščina
اللغة العربية
বাংলা
Galego
Tiếng Việt
Hrvatski
हिंदी
Հայերէն
Українська
Todos os campos
Title
Autor
Subject
ISBN/ISSN
Tag
Identificador
Buscar
Avanzado
Vol. 103, № 38; Journal of Phy...
Citar
Text this
Enviar este rexistro por email
Imprimir
Exportar rexistro
Exportar a RefWorks
Exportar a EndNoteWeb
Exportar a EndNote
Permanent link
Esportazione completata correttamente —
Vol. 103, № 38; Journal of Physical Chemistry. Ser. A
Detalles Bibliográficos
Parent link:
Journal of Physical Chemistry. Ser. A: journal/ The American Chemical Society. Vol. 103, № 38.— , 1997-2002.— 1089-5639
Idioma:
inglés
Publicado:
1999
Formato:
MixedMaterials
Libro
KOHA link:
https://koha.lib.tpu.ru/cgi-bin/koha/opac-detail.pl?biblionumber=552495
Existencias
Descripción
Títulos similares
Staff View
MARC
LEADER
00000nam2a2200000 4500
001
552495
005
20231101121052.0
035
|a
(RuTPU)RU\TPU\prd\246250
035
|a
RU\TPU\prd\246213
090
|a
552495
100
|a
20151126a19979999k y0engy50 ba
101
0
|a
eng
102
|a
US
200
0
|a
Vol. 103, № 38
210
|d
1999
461
1
|0
(RuTPU)RU\TPU\prd\510
|x
1089-5639
|t
Journal of Physical Chemistry. Ser. A
|o
journal
|f
The American Chemical Society
|v
Vol. 103, № 38
|d
1997-2002
801
0
|a
RU
|b
63413507
|c
20010227
|g
PSBO
801
1
|a
RU
|b
63413507
|c
20080423
|g
PSBO
801
2
|a
RU
|b
63413507
|c
20151126
|g
PSBO
942
|c
BK
999
|a
НТБ_ТПУ
|b
НФ
|e
-14/20150112
|p
П-277
|u
0,00
|v
1
Títulos similares
Vol. 103, № 38; Journal of Physical Chemistry. Ser. B
Publicado: (1999)
Vol. 103, № 22; Journal of Physical Chemistry. Ser. A
Publicado: (1999)
Vol. 103, № 23; Journal of Physical Chemistry. Ser. A
Publicado: (1999)
Vol. 103, № 39; Journal of Physical Chemistry. Ser. A
Publicado: (1999)
Vol. 103, № 40; Journal of Physical Chemistry. Ser. A
Publicado: (1999)